JR路線の中間の駅 - Statistics

General Stats
  • This quiz has been taken 63 times
    59 since last reset
  • The average score is 24 of 86
Answer Stats
会社 路線 中間の駅 駅数 駅数 % Correct
東北本線(尾久支線) 尾久 1 3
71%
東金線 東金 2 5
71%
山手線 新宿 8 17
69%
JR東海 東海道新幹線 掛川 8 17
69%
川越線 川越 5 11
67%
中央本線(神田~代々木) 市ケ谷 4 9
64%
東海道本線(品鶴線) 武蔵小杉 2 5
64%
成田線(空港支線) 空港第2ビル 1 3
64%
JR東日本 東北新幹線 古川 11 23
62%
横須賀線 東逗子 4 9
62%
東北本線(利府支線) 新利府 1 3
58%
鶴見線(海芝浦支線) 新芝浦 1 3
58%
青梅線 青梅 12 25
56%
北陸新幹線 黒部宇奈月温泉 9 19
56%
関西空港線 りんくうタウン 1 3
56%
高崎線 行田 9 19
53%
JR西日本 山陽新幹線 三原 9 19
53%
南武線(浜川崎支線) 川崎新町 2 5
51%
JR九州 西九州新幹線 新大村 2 5
51%
石勝線 新夕張 3 7
44%
信越本線(篠ノ井~長野) 川中島 2 5
44%
五日市線 秋川 3 7
42%
外房線 東浪見 13 27
40%
総武本線支線 浅草橋 2 5
40%
留萌本線 秩父別 2 5
38%
東海道本線(美濃赤坂支線) 荒尾 2 3
36%
草津線 貴生川 5 11
33%
石北本線 生田原 15 31
31%
男鹿線 天王 4 9
31%
日光線 文挟 3 7
31%
八高線 明覚 11 23
31%
篠ノ井線 明科 7 15
31%
大阪環状線 天満 9 19
31%
宇野線 茶屋町 7 15
31%
JR東西線 新福島 4 9
27%
長崎本線(長与支線) 長与 4 9
27%
室蘭本線(支線) 御崎 2 5
24%
東北本線(東京~盛岡) 杉田 65 131
24%
上越線 越後中里 17 35
24%
湖西線 比良 10 21
24%
陸羽東線 鳴子御殿湯 13 27
22%
左沢線 南寒河江 5 11
22%
磐越西線 喜多方 21 43
22%
東海道本線(東京~神戸) 相見 83 167
22%
阪和線(本線) 和泉府中 17 35
22%
因美線 智頭 9 19
22%
筑豊本線 直方 12 25
22%
JR北海道 根室本線(新得~根室) 庶路 20 41
20%
両毛線 山前 9 19
20%
赤穂線 備前片上 9 19
20%
小野田線(支線) 浜河内 1 3
20%
鳴門線 教会前 3 7
20%
篠栗線 篠栗 5 11
20%
奈良線 JR小倉 9 19
20%
宗谷本線 智恵文 17 35
16%
北上線 和賀仙人 7 15
16%
大村線 松原 7 15
16%
山田線 箱石 7 15
13%
大糸線 北大町 20 41
13%
高山本線 22 45
13%
予讃線(向井原~内子) 伊予中山 2 5
13%
日田彦山線(城野~添田) 香春 7 15
13%
長崎本線(鳥栖~長崎) 肥前七浦 17 35
11%
三角線 網田 4 9
11%
室蘭本線(本線) 竹浦 21 43
9%
越後線 南吉田 16 33
9%
津山線 福渡 8 17
9%
土讃線 布師田 30 61
9%
唐津線 岩屋 6 13
9%
筑肥線(山本~伊万里) 大川野 5 11
9%
久大本線 北山田 18 37
9%
吉都線 広原 8 17
9%
大湊線 有畑 5 11
7%
五能線 広戸 21 43
7%
加古川線 滝野 10 21
7%
福塩線 鵜飼 13 27
7%
小野田線(本線) 小野田港 4 9
7%
JR四国 高徳線 鶴羽 14 29
7%
牟岐線 阿波橘 14 29
7%
豊肥本線 いこいの村 18 37
7%
花輪線 湯瀬温泉 13 27
4%
飯山線 平滝 15 31
4%
JR東海 身延線 下部温泉 19 39
4%
名松線 伊勢川口 7 15
4%
岩徳線 米川 7 15
4%
小海線 羽黒下 15 31
2%
No matching quizzes found
Score Distribution
Percent of People with Each Score
Percentile by Number Answered
Your Score History
You have not taken this quiz since the last reset